| 000 | 00000nam##2200000za#4500 |
| 001 | 9.569673 |
| 003 | CaOODSP |
| 005 | 20210624181859 |
| 007 | cr ||||||||||| |
| 008 | 150406|2004||||xxc|||||o f|0| 0 eng|d |
| 040 | |aCaOODSP|beng |
| 043 | |an-cn--- |
| 086 | 1 |aNH18-1/343-2-2004E-PDF |
| 110 | 2 |aCanada Mortgage and Housing Corporation. |
| 245 | 10|aCMHC student housing study. Volume 2, : |h[electronic resource]|bPilot test report - review of methodology |
| 246 | 3 |aStudent housing in Canada : developing a methodology to collect data and information = Logement des étudiants au Canada : élaboration d'une méthode de collecte de données et d'information |
| 260 | |aOttawa - Ontario : |bCanada Mortgage and Housing Corporation |cMay 2004 (main report), December 2005 (Research highlight). |
| 300 | |a137p.|bfigs., tables |
| 490 | 1 |aResearch report |
| 500 | |aIncludes: Research highlight (Socio-economic series 05-037, December 2005) under the title "Student housing in Canada : developing a methodology to collect data and information". Y compris : Le point en recherche (Série socio-économique 05-037, décembre 2005) sous le titre « Logement des étudiants au Canada : élaboration d'une méthode de collecte de données et d'information ». For Volume 1, see NH18-1/343-1-2004E-PDF. |
| 546 | |a(Comprend du texte en français.) |
| 590 | |a11-26-Supp|b2011-11-03 |
| 830 | #0|aResearch report (Canada Mortgage and Housing Corporation : Online)|w(CaOODSP)9.506068 |
| 856 | 40|ahttp://publications.gc.ca|qPDF|s1.04 MB|uhttps://publications.gc.ca/collections/collection_2011/schl-cmhc/nh18-1/NH18-1-343-2-2004-eng.pdf |